000 02537nab a2200277 i 4500
003 BR-BrBNA
005 20250904171653.0
008 250904b2021 bl.ar|pooa||| 00| 0 eng |
040 _aBR-BrBNA
_beng
072 _aF70
100 _aSantos, Diego
100 _aSouza, Elnatan Bezerra
100 _aBuril, Maria Teresa
245 _aIpomoea lanifolia sp. nov. (Convolvulaceae), a new species endemic to the Ibiapaba plateau in northeastern Brazil
500 _aPublicação on-line; 26 ref.; 1 table; 3 illus.; Summaries (En, Pt)
520 _a Abstract A new species of Ipomoea, thus far endemic to Caatinga domain, is described. The species occurs in a “carrasco” physiognomy - a shrubby vegetation on sandy soils characterized by the presence of cacti and bromeliads. The new species can be recognized by a combination of morphological characters, including a leaf blade with a lanate abaxial surface with long hairs, and sepals lanceolate, acuminate, tomentose, and smooth. A complete description, diagnosis, an identification key for Ipomoea species from the Ibiapaba plateau, illustrations, conservation assessments, a distribution map, and taxonomic comments are provided. Key words: Brazil, Convolvulaceae, Ipomoea, taxonomy, threatened species. Resumo Uma nova espécie de Ipomoea até agora endêmica no domínio da caatinga, aqui descrita. A espécie ocorre na fisionomia do carrasco - uma vegetação arbustiva em solos arenosos caracterizada pela presença de cactos e bromélias. A nova espécie pode ser reconhecida por uma combinação de caracteres morfológicos, incluindo lâmina foliar com superfície abaxial lanosa com tricomas longos e sépalas lanceoladas, acuminadas, tomentosas e lisas. Nós fornecemos descrição completa, diagnose, uma chave de identificação para espécies de Ipomoea do Planalto da Ibiapaba, ilustrações, status de conservação, mapa de distribuição e comentários taxonômicos. Palavras-chave: Brazil, Convolvulaceae, Ipomoea, taxonomia, espécie ameaçada.
650 _aBRAZIL
650 _aCONVOLVULACEAE
650 _aCORDA DE VIOLA
650 _aTAXONOMIA
650 _aESPÉCIE EM EXTINÇÃO
773 0 _0709
_9357347
_dRio de Janeiro-RJ Jardim Botanico do Rio de Janeiro 1935
_o2025-5311
_tRodriguésia (Brazil)
_x0370-6583; 2175-7860 on-line
_gv. 72 p. 1-7; (2021)
_wBR2025002201
856 _uhttps://www.scielo.br/j/rod/a/p7znMxyRHwXPMTWDNPKyhSf/?format=pdf&lang=en
942 _cANA
999 _c338021
_d338021